Cấu tạo bê tông cốt thép
Bìa sách ghi: Bộ Xây dựng. Công ty Tư vấn Xây dựng dân dụng Việt Nam ; Quy định vật liệu dùng trong bê tông và bê tông cốt thép; Cấu tạo bê tông cốt thép (dầm, khung, móng); Quy định sử dụng kết cấu bê tông cốt thép nhà dân dụng, nhà cao ta...
Salvato in:
| Autore principale: | |
|---|---|
| Natura: | Libro |
| Lingua: | Undetermined |
| Pubblicazione: |
H.
Xây dựng
2004
|
| Soggetti: | |
| Accesso online: | http://lrc.tdmu.edu.vn/opac/search/detail.asp?aID=2&ID=29565 |
| Tags: |
Aggiungi Tag
Nessun Tag, puoi essere il primo ad aggiungerne! !
|
| Thư viện lưu trữ: | Trung tâm Học liệu Trường Đại học Thủ Dầu Một |
|---|
| LEADER | 01058nam a2200205Ia 4500 | ||
|---|---|---|---|
| 001 | TDMU_29565 | ||
| 008 | 210410s9999 xx 000 0 und d | ||
| 082 | |a 390.09597 | ||
| 090 | |b B450 | ||
| 100 | |a Bộ Xây dựng | ||
| 245 | 0 | |a Cấu tạo bê tông cốt thép | |
| 245 | 0 | |c Bộ Xây dựng | |
| 260 | |a H. | ||
| 260 | |b Xây dựng | ||
| 260 | |c 2004 | ||
| 300 | |a 161 tr | ||
| 520 | |a Bìa sách ghi: Bộ Xây dựng. Công ty Tư vấn Xây dựng dân dụng Việt Nam ; Quy định vật liệu dùng trong bê tông và bê tông cốt thép; Cấu tạo bê tông cốt thép (dầm, khung, móng); Quy định sử dụng kết cấu bê tông cốt thép nhà dân dụng, nhà cao tầng, giải pháp chống thấm... | ||
| 650 | |a Vật liệu xây dựng |x Bê tông cốt thép |x Cấu tạo | ||
| 856 | |u http://lrc.tdmu.edu.vn/opac/search/detail.asp?aID=2&ID=29565 | ||
| 980 | |a Trung tâm Học liệu Trường Đại học Thủ Dầu Một | ||